00397 a2200121 4500020001800000100001100018245001900029260004800048300001900096942001700115952012800132999001500260 a9789991588322 aZaahee aDhushumah edhi aMale, Maldivesb Dhagatha Publishers c2014 a331 P.c;20cm. cADiZAA6ZAA 2ddc3Fast Cataloged Item91912aKFPLbKFPLcDHId2024-09-08l3m2oZAApKL-2024-001786r2026-04-20 13:13:57s2026-04-06yTN c1424d1424